[Event "XX Weekend A"]
[Site "Ceriano Laghetto ITA"]
[Date "2011.04.04"]
[Round "5"]
[White "Genocchio, Daniele"]
[Black "Lapiccirella, Daniele"]
[Result "1-0"]
[WhiteElo "2433"]
[BlackElo "2255"]
[PlyCount "31"]
[EventDate "2011.04.01"]

1. e4 c5 2. Nf3 e6 3. c3 d5 4. e5 d4 5. cxd4 cxd4 6. Bb5+ Bd7 7. Nxd4 Bxb5 8.
Nxb5 Nc6 9. O-O a6 10. N5c3 Nge7 11. Na3 Nf5 12. Nc4 Qd4 13. d3 Nxe5 14. Be3
Nxe3 15. fxe3 Qxd3 16. Qa4+ 1-0

[Event "XX Weekend A"]
[Site "Ceriano Laghetto ITA"]
[Date "2011.04.04"]
[Round "5"]
[White "Petkov, Vladimir"]
[Black "Gagliardi, Christian"]
[Result "1/2-1/2"]
[WhiteElo "2493"]
[BlackElo "2212"]
[PlyCount "30"]
[EventDate "2011.04.01"]

1. d4 Nf6 2. c4 e6 3. Nc3 Bb4 4. e3 b6 5. Nge2 Bb7 6. a3 Be7 7. f3 d5 8. cxd5
exd5 9. Ng3 O-O 10. Nf5 Re8 11. Nxe7+ Qxe7 12. Bd3 Nbd7 13. O-O c5 14. Ne2 c4
15. Bc2 b5 1/2-1/2

[Event "XX Weekend A"]
[Site "Ceriano Laghetto ITA"]
[Date "2011.04.04"]
[Round "5"]
[White "Quaranta, Cristiano"]
[Black "Sbarra, Marco"]
[Result "0-1"]
[WhiteElo "2130"]
[BlackElo "2281"]
[PlyCount "54"]
[EventDate "2011.04.01"]

1. Nf3 d5 2. c4 e6 3. g3 Nf6 4. Bg2 Be7 5. d4 O-O 6. O-O c5 7. cxd5 exd5 8. Nc3
Nc6 9. dxc5 Bxc5 10. Na4 Bb6 11. b3 Bg4 12. Bb2 Re8 13. Rc1 d4 14. Nxb6 Qxb6
15. Bxd4 Nxd4 16. Qxd4 Rxe2 17. Qxb6 axb6 18. a4 h6 19. Nd4 Rd2 20. Nf3 Rd3 21.
Ne5 Rxb3 22. Nxg4 Nxg4 23. Bxb7 Rxa4 24. Rc8+ Kh7 25. Bd5 Rb2 26. Bxf7 Re4 27.
Bg8+ Kg6 0-1

[Event "XX Weekend A"]
[Site "Ceriano Laghetto ITA"]
[Date "2011.04.04"]
[Round "5"]
[White "Stella, Luca"]
[Black "Tramalloni, Luca"]
[Result "1-0"]
[WhiteElo "2064"]
[BlackElo "2144"]
[PlyCount "99"]
[EventDate "2011.04.01"]

1. e4 e6 2. d3 d5 3. Nd2 Nf6 4. Ngf3 c5 5. g3 Nc6 6. Bg2 Be7 7. O-O O-O 8. e5
Nd7 9. Re1 b5 10. Nf1 a5 11. h4 b4 12. N1h2 Ba6 13. h5 a4 14. h6 g6 15. Ng4 Nd4
16. Nxd4 cxd4 17. Nh2 Rc8 18. Bf4 Rc6 19. Nf3 Qb6 20. Bg5 Bxg5 21. Nxg5 Qc7 22.
Qg4 Qa7 23. Rac1 b3 24. axb3 axb3 25. cxb3 Rxc1 26. Rxc1 Bxd3 27. Nxe6 Bf5 28.
Qxd4 Qxd4 29. Nxd4 Be6 30. f4 Rb8 31. Rc7 Nf8 32. Kf2 Ra8 33. Re7 Ra2 34. Nxe6
Rxb2+ 35. Kg1 Rb1+ 36. Kh2 fxe6 37. Rb7 d4 38. Rb6 d3 39. Rd6 Rxb3 40. Kh3 Kf7
41. Be4 Rb1 42. Rxd3 Re1 43. Rd4 Re3 44. Ra4 Kg8 45. Kg4 Re2 46. Kg5 Rb2 47.
Ra7 Rg2 48. Kf6 Rd2 49. Rg7+ Kh8 50. Kf7 1-0